The role of the public prosecution office in a democratic society.

"Multilateral meeting organized by the Council of Europe in co-operation with INTERCENTER, Messina (Sicily), 5-7 June 1996."

Saved in:
Bibliographic Details
Corporate Authors: Council of Europe., Demo-Droit Programme., Themis (Project), International Centre of Sociological, Penal, and Penitentiary Research and Studies.
Format: Book
Language:English
Published: Strasbourg : [Croton-on-Hudson, NY : Council of Europe Publishing ; Manhattan Pub. Co., distributor], c1997.
Subjects:
Tags: Add Tag
No Tags, Be the first to tag this record!
LEADER 02983nam a2200397 a 4500
001 007725117-2
005 20050314132513.0
008 981009s1997 fr b i100 0 eng d
010 |a  98208159  
020 |a 9287132291 
035 0 |a ocm37638832 
040 |a MdU-L  |c MdU-L  |d InU-L  |d NBL  |d NNF-L  |d IU  |d DLC 
042 |a lccopycat 
043 |a e------ 
050 0 0 |a KJC3728.A6  |b R65 1997 
245 0 4 |a The role of the public prosecution office in a democratic society. 
260 |a Strasbourg :  |b Council of Europe Publishing ;  |a [Croton-on-Hudson, NY :  |b Manhattan Pub. Co., distributor],  |c c1997. 
300 |a 187 p. ;  |c 24 cm. 
546 |a French edition: Le rôle du ministère public dans une société démocratique. 
500 |a "Multilateral meeting organized by the Council of Europe in co-operation with INTERCENTER, Messina (Sicily), 5-7 June 1996." 
500 |a "Themis no. 2." 
500 |a "Demo-Droit/Themis"--Spine. 
504 |a Includes bibliographical references. 
505 0 |a Opening speech / Giacomo Barletta -- Opening speech / Gaby Tubach -- Dependence or independence of the public prosecution office / Giuseppe Cariti -- Position and status of the public prosecution office / Eugène Frencken -- Position of the public prosecution office / Peter Morre -- The role of the public prosecution office in the criminal field / Jacques Buisson -- Fight against criminality: relations between public prosecutor and police / Piet-Hein A.J. Cremers -- Role of the public prosecution in the criminal field / Carlo Bellito -- Role of the public prosecution office in the criminal field / Carlos Castresana Fernandez -- The role of the public prosecution office in the penal field / Francisca Van Dunem -- The role of the public prosecution office in the criminal field / Jiri Toman -- The role of the public prosecution office in the civil and commercial fields / Mario Busacca -- Role of public prosecution office in criminal, civil and commercial fields / Roger Perrot. 
520 |a "Multilateral meeting organized by the Council of Europe in co-operation with INTERCENTER, Messina (Sicily), 5-7 June 1996." 
650 0 |a Public prosecutors  |z Europe  |v Congresses. 
655 7 |a Conference proceedings.  |2 fast 
710 2 |a Council of Europe. 
710 2 |a Demo-Droit Programme. 
710 2 |a Themis (Project) 
710 2 |a International Centre of Sociological, Penal, and Penitentiary Research and Studies. 
740 0 |a Rôle du ministère public dans une société démocratique. 
776 0 8 |i Online version:  |t Role of the public prosecution office in a democratic society.  |d Strasbourg : Council of Europe Pub. ; [Croton-on-Hudson, NY : Manhattan Pub. Co., distributor], c1997  |w (OCoLC)609274051 
776 0 8 |i Online version:  |t Role of the public prosecution office in a democratic society.  |d Strasbourg : Council of Europe Pub. ; [Croton-on-Hudson, NY : Manhattan Pub. Co., distributor], ©1997  |w (OCoLC)609274051 
988 |a 20020608 
906 |0 OCLC